000 01525cam a22003134a 4500
001 SSB060906 SSB008452
003 PILC
005 20150806121634.0
008 110830s2013 maua b 001 0 eng
010 _a2011029810
020 _a9780321799135
035 _a(OCoLC)ocn748674590
040 _aDLC
_cDLC
_dYDX
_dYDXCP
_dDLC
042 _apcc
050 0 0 _aTX 354
_b.T374 2013
100 1 _aThompson, Janice,
_d1962-
245 1 0 _aNutrition for life /
_cJanice Thompson and Melinda Manore.
250 _a3rd edition.
260 _aBoston :
_bPearson,
_c2013.
300 _axxxi, 404 pages :
_bcolor illustrations ;
_c28 cm.
500 _aIncludes bibliographical references and index.
505 0 _aNutrition : making it work for you -- The human body : are we really what we eat? -- Carbohydrates : plant-derived energy nutrients -- Fats : essential energy-supplying nutrients -- Proteins : crucial components of all body tissues -- Vitamins : micronutrients with macro powers -- Minerals : buildings and moving our body -- Fluid balance, water, and alcohol -- Achieving and maintaining a healthful body weight -- Nutrition and physical activity : keys to good health -- Nutrition throughout the life cycle -- Nutrition issues : the safety and security of the world's food supply.
650 0 _aNutrition
_vTextbooks.
650 1 2 _aNutritional Physiological Phenomena.
650 2 2 _aFood.
700 1 _aManore, Melinda,
_d1951-
700 1 _aManore, Melinda,
_d1951- ,
_eauthor.
942 _2lcc
_cBK
_kFOR
999 _c288361
_d288361